Years Marty Travels to in Back to the Future 🗓️ - Statistics

General Stats
  • This quiz has been taken 202 times
  • The average score is 7 of 8
Answer Stats
Year % Correct
1985
98%
1955
96%
1985
85%
2015
84%
1985
78%
1885
75%
1955
75%
1985
73%
No matching quizzes found
Score Distribution
Percent of People with Each Score
Percentile by Number Answered
Your Score History
You have not taken this quiz